000 04230nab a2200421 i 4500
003 BR-BrBNA
005 20240918104716.0
008 240918b2018 bl.|r|pooa||| 00| 0 eng |
040 _aBR-BrBNA
_beng
072 _aL73
_b6510
072 _aL70
100 _aRocha-e-Silva, R.C.
100 _aCardoso, W.M.
100 _aHorn, R.V.
100 _aCavalcanti, C.M.
100 _aBeleza, A.J.F.
100 _aAlmeida, C.P.
100 _a Bezerra, W.G.A.
100 _aCarmo, C.C.
100 _aNogueira, C.H.G.
100 _aLima, B.P.
100 _aMarques, A.R.
100 _aTeixeira, R.S.C.
245 _aRelationship between clinical symptomatology on the isolation of Salmonella Gallinarum of japanese quail (Coturnix coturnix)
500 _aPublicação online; 27 ref.; 4 tables; Summaries (En, Pt)
520 _a ABSTRACT - Salmonella Gallinarum is capable of causing high mortality in birds of the order Galliformes. This study aimed to relate the presence of clinical signs with the recovery of Salmonella Gallinarum from organs and c loacal swabs of Japanese quails (Coturnix coturnix) experimentally infected. A total of 70 female quails were housed in a pair per cage and divided in two groups (IG: quails inoculated with 1.5x106 CFU of Salmonella Gallinarum Nalr/mL and CG: control group). After the inoculation, birds were evaluated three times a day to verify the presence of clinical signs. Birds that presented ruffled feathers, eyes closed and remained quiet in the cage were removed for euthanasia, as well as the same number of birds from the inoculated groups that presented no clinical signs and from the control group. Cloacal swabbing was performed following euthanasia for the sampling of liver, spleen, caeca, ovarian follicles and lung for microbiological procedure. Quails with clinical signs and quails found dead presented positivity of 100% While inoculated quails with no clinical signs presented a lower positivity (38.5%). Therefore, quails with septicemia caused by SG present clinical signs of the disease and the pathogen can be isolated and quantified in the organs. Keywords: immune response, isolated, mortality, clinical signs
520 _a RESUMO - Salmonella Gallinarum pode causar alta mortalidade em aves da ordem Galliformes. Objetivou-se neste estudo relacionar a presença de sinais clínicos com a recuperação de Salmonella Gallinarum de órgãos e swabs cloacais de codornas japonesas (Coturnix coturnix) experimentalmente infectadas. Um total de 70 codornas fêmeas foram alojadas em par por gaiola e divididas em dois grupos (IG: codornas inoculadas com 1,5x106 UFC de Salmonella Gallinarum Nalr / mL e CG: grupo controle). Após a inoculação, as aves foram avaliadas três vezes ao dia para se verificar a presença de sinais clínicos. As aves que se apresentaram com penas eriçadas, olhos fechados e permaneciam imóveis na gaiola foram removidas para a eutanásia, assim como o mesmo número de aves dos grupos inoculados que não apresentaram sinais clínicos e do grupo controle. O swab cloacal foi realizado após a eutanásia para a amostragem de fígado, baço, ceco, folículos ovarianos e pulmão para procedimento microbiológico. As codornas com sinais clínicos e as encontradas mortas apresentaram positividade de 100%, enquanto as codornas inoculadas sem sinais clínicos apresentaram menor positividade (38,5%). Portanto, codornas com septicemia causada por SG apresentam sinais clínicos da doença e o patógeno pode ser isolado e quantificado em diversos órgãos. Palavras-chave: resposta imunológica, isolada, mortalidade, sinais clínicos
650 _aCODORNA
650 _aDOENÇA ANIMAL
650 _aPATÓGENO
650 _aSALMONELLA
650 _aMORTALIDADE
650 _aIMUNOLOGIA
773 0 _01643
_9318020
_dBelo Horizonte-MG Universidade Federal de Minas Gerais - Escola de Veterinaria 1983
_o2024-4754
_tArquivo Brasileiro de Medicina Veterinária e Zootecnia (Brazil)
_x0102-0935
_gv. 70(4) p. 1187-1194; (2018)
_wBR2024002475
856 _uhttps://www.scielo.br/j/abmvz/a/S48QWDMxPNpjBwrkKWfzMWL/?format=pdf&lang=en
942 _cANA
999 _c301270
_d301270